Océano azul, océano rojo (Registro nro. 13076)

Detalles MARC
000 -Cabecera
Campo de control de longitud fija 00927nam a22003257a 4500
005 - Fecha y hora de la última transacción
Campo de control 20250811093713.0
008 - Elementos de longitud fija--Información general
Campo de control de longitud fija 210810b2018 xxu||||| |||| 00| 0 spa d
020 ## - International Standard Book Number
Número Internacional Estándar del Libro (ISBN) 9788416883257
041 ## - Idioma
Código de idioma Español
082 ## - Clasificación Decimal Dewey
Número de clasificación 658.409.2 K49o
100 ## - Entrada principal--Autor personal
Nombre personal Kim, W. Chan
9 (RLIN) 60735
100 ## - Entrada principal--Autor personal
Nombre personal Mauborgne, Renée
9 (RLIN) 60736
245 ## - Título propiamente dicho
Título Océano azul, océano rojo
260 ## - Pie de imprenta
Lugar de publicación, distribución, etc. España
260 ## - Pie de imprenta
Nombre del editor, distribuidor, etc. Penguin Random House
260 ## - Pie de imprenta
Fecha de publicación, distribución, etc. 2018
300 ## - Descripción física
Extensión 106 páginas
490 ## - Serie
Título de la Serie Dirección y Administración de Empresas
650 ## - Materia general
Temática (materia general) LIDERAZGO EJECUTIVO
650 ## - Materia general
Temática (materia general) ENTRENAMIENTO DE EMPLEADOS
650 ## - Materia general
Temática (materia general) ENTRENAMIENTO EJECUTIVO
650 ## - Materia general
Temática (materia general) ACTITUDES DE EMPLEADOS
650 ## - Materia general
Temática (materia general) ESTRATEGIA EMPRESARIAL
650 ## - Materia general
Temática (materia general) INNOVACIÓN ESTRATÉGICA
650 ## - Materia general
Temática (materia general) VENTAJA COMPETITIVA
650 ## - Materia general
Temática (materia general) GESTIÓN DEL CAMBIO
650 ## - Materia general
Temática (materia general) DESARROLLO ORGANIZACIONAL
650 ## - Materia general
Temática (materia general) CREATIVIDAD EN LOS NEGOCIOS
942 ## - Punto de acceso adicional KOHA
Tipo de ítem KOHA Literatura
Fuente del sistema de clasificación o colocación Dewey Decimal Classification
Existencias
Signatura completa Código de barras Programa Académico Tipo de ítem
658.409.2 K49o 25348 Dirección y Administración de Empresas Literatura